000 00485nam a2200181Ia 4500
005 20250508160422.0
008 008 250505s9999 xx 000 0 eng d
037 _aTextual
040 _aFEDL
_beng
_cFEDL
041 _aeng
_2eng
084 _a517, GOF
_qFEDL
100 _aGoffman Casper
245 0 _aCalculus of several variables
260 _aNew York, USA
_bHarper and Row
_c1965
300 _aix,182p.
942 _cTEXL
_h517, GOF
999 _c1364494
_d1364494